[Event "Bad Woerishofen op"]
[Site "Bad Woerishofen"]
[Date "2001.??.??"]
[Round "4"]
[White "Feicht, Roland"]
[Black "Grundl, Manfred"]
[Result "1-0"]
[WhiteElo "1490"]
[BlackElo "1800"]
[Annotator "ChessOrg"]
[PlyCount "81"]
[EventDate "1998.03.05"]
[Source "ChessBase"]
[SourceDate "1998.04.29"]

1. e4 {B12: Caro-Kann (Vorstoss-Variante)} 1... c6 2. d4 d5 3. e5 Bf5 4. Nc3 e6
5. g4 Bg6 6. Nge2 c5 7. h4 h6 8. Nf4 8... Nc6 {letzter Buchzug} 9. Nxg6 fxg6
10. Bb5 a6 11. Bxc6+ bxc6 12. Ne2 cxd4 13. Qxd4 Ne7 (13... c5 14. Qd3 Ne7 15.
Nf4 $14) 14. Bd2 Rc8 (14... Qb8 $14 $142) 15. Bb4 (15. Nf4 15... Kf7 $16) 15...
Qc7 (15... c5 $5 $142 16. Bxc5 16... Nc6 $15) 16. Bd6 c5 17. Qd3 (17. Bxc7 $6
17... cxd4 18. Bb6 h5 19. gxh5 19... Rxh5 $11) 17... Qa5+ 18. c3 Qb5 19. Qc2
Kf7 (19... Rg8 20. Nf4 $16) 20. Rh3 Qe8 (20... Qd7 21. Bxe7 Bxe7 22. Nf4 $16)
21. O-O-O (21. Nf4 $5 $142 21... Kg8 22. Nxe6 $18) 21... Kg8 $16 22. Rf3 g5 23.
hxg5 hxg5 24. Qd2 Qg6 25. Ng3 (25. Ng1 $5 $16) 25... Rh4 $14 26. Nh5 (26. Qe2
26... c4 $14) 26... Nc6 (26... Rxg4 27. Ng3 $15) 27. Nf6+ (27. Qe2 Bxd6 28.
Qxa6 Rf8 29. Rxf8+ Bxf8 30. Qxc6 30... Qf7 $11) 27... Kh8 (27... gxf6 $5 $142
28. Rxf6 Qg7 29. Rxe6 d4 30. Bxf8 30... Kxf8 $11) 28. Nd7 $14 28... Bxd6 29.
exd6 Kg8 (29... Rd8 30. Nxc5 Rxd6 31. Rf8+ 31... Kh7 $14) 30. Qe2 (30. Nxc5
$142 30... d4 31. d7 $18 (31. Nxa6 $6 31... Ra8 32. Qe2 d3 33. Qxd3 Qxd3 34.
Rdxd3 34... Rxa6 $16)) 30... Rxg4 $4 (30... Nd4 $1 $142 31. Qd3 Qxd3 32. Rfxd3
Ne2+ 33. Kc2 33... Rc6 $14 (33... Rxg4 $143 34. Nxc5 Rd8 35. d7 $16)) 31. Nxc5
(31. Qxa6 $142 31... Rd8 32. Qxc6 $18) 31... Rd8 (31... Nd8 32. Re3 d4 33. cxd4
$18 (33. Qxg4 $6 33... dxe3 34. Nd3 exf2 35. Nxf2 35... Qf5 $16)) 32. Nxe6 (32.
Re3 $142 32... Qf5 33. Rxe6 Qf4+ 34. Kb1 Qf5+ 35. Ka1 $18) 32... Re4 $16 33.
Qxa6 Qxe6 34. Qxc6 Qxd6 (34... d4 $5 $16) 35. Qxd6 $18 35... Rxd6 36. Rfd3 (36.
Kc2 36... g6 $18) 36... Re2 (36... Rf4 37. R1d2 $18) 37. Rxd5 Rb6 (37... Rf6
$18) 38. R1d2 Rbe6 (38... Re1+ 39. Kc2 $18) 39. Rxg5 Re1+ 40. Kc2 Rf6 (40...
Ra6 41. Kb3 $18) 41. Rg2 (41. Rg2 Kf8 42. b4 $18) (41. b4 Ra6 42. Kb3 Rb1+ 43.
Kc4 43... Kf7 $18) 1-0

[Event "Bad Woerishofen op"]
[Site "Bad Woerishofen"]
[Date "2001.??.??"]
[Round "6"]
[White "Feicht, Roland"]
[Black "Hofmann, Juergen"]
[Result "0-1"]
[WhiteElo "1490"]
[BlackElo "2181"]
[Annotator "ChessOrg"]
[PlyCount "52"]
[EventDate "1998.03.05"]
[Source "ChessBase"]
[SourceDate "1998.04.29"]

1. e4 {C07: Franzoesische Verteidigung (Tarrasch-Variante)} 1... e6 2. d4 d5 3.
Nd2 c5 4. exd5 Qxd5 5. Ndf3 {letzter Buchzug} 5... Nc6 6. Bb5 (6. Ne2 6... Qe4
$11) 6... a6 (6... cxd4 7. Bxc6+ Qxc6 8. Ne2 $15) 7. Bxc6+ $15 7... Qxc6 8. Ne2
Bd6 9. O-O Ne7 10. Bf4 Ng6 11. Bxd6 Qxd6 12. Nc3 cxd4 13. Nxd4 O-O 14. Ne4 (14.
Nb3 14... Qc6 $11) 14... Qf4 15. Qe2 $2 (15. Nc3 Rd8 16. Nce2 16... Qe4 $17)
15... e5 $4 (15... f5 $142 16. f3 16... Qe5 $19) 16. g3 Qh6 17. Nb3 b6 18. Qe3
(18. Rad1 18... Bb7 $11) 18... Qh5 (18... Qxe3 19. fxe3 Rd8 20. Nc3 $15) 19.
Nbd2 Ra7 20. Rad1 Re7 21. Nc4 (21. c4 21... Re6 $11) 21... f5 $15 22. Qg5 Qh3
23. Ned6 f4 24. Nxc8 $2 (24. f3 $15 $142) 24... Rxc8 $19 (24... Qxc8 $6 25.
Nxb6 Qxc2 26. Rd6 $15) 25. Nxe5 $4 (25. Ne3 fxe3 26. fxe3 $19) 25... Nxe5 (
25... Rxe5 26. Rd8+ Kf7 27. Rxc8 Rxg5 28. Rc7+ Kg8 29. Rc8+ 29... Qxc8 $19) 26.
Qxe7 (26. f3 fxg3 27. Qxg3 Qxg3+ 28. hxg3 Rxc2 29. Rf2 $19) 26... Nf3+ (26...
Nf3+ 27. Kh1 Qxh2#) 0-1

[Event "Bad Woerishofen op"]
[Site "Bad Woerishofen"]
[Date "2001.??.??"]
[Round "8"]
[White "Feicht, Roland"]
[Black "Beckers, Manfred"]
[Result "0-1"]
[WhiteElo "1490"]
[BlackElo "1855"]
[Annotator "ChessOrg"]
[PlyCount "122"]
[EventDate "1998.03.05"]
[Source "ChessBase"]
[SourceDate "1998.04.29"]

1. e4 {B28: Sizilianisch (Fruehes a7-a6)} 1... c5 2. Nf3 a6 3. g3 3... d6 {
letzter Buchzug} 4. Bg2 Nc6 5. d4 Bg4 6. c3 Nf6 7. Qc2 (7. d5 7... Ne5 $11)
7... Qc7 (7... Bxf3 8. Bxf3 cxd4 9. O-O $15) 8. O-O (8. d5 Bxf3 9. Bxf3 9...
Ne5 $14) 8... Rc8 (8... cxd4 9. cxd4 Rc8 10. d5 Bxf3 11. Bxf3 $11) 9. dxc5 dxc5
10. Bg5 e5 11. Bxf6 gxf6 12. Nbd2 Rd8 13. Nh4 Be2 14. Rfe1 Bd3 15. Qc1 Ne7 16.
Nf1 h5 17. Qe3 Bh6 18. Qf3 Bg5 19. Nf5 Nxf5 20. Qxf5 (20. exf5 20... h4 $11)
20... Bxf1 (20... h4 $5 $15) 21. Bxf1 h4 22. Red1 Ke7 23. Rd5 hxg3 24. hxg3
Rxd5 25. exd5 c4 (25... Qd7 26. Qxd7+ Kxd7 27. Bd3 $14) 26. Rd1 Rd8 27. Bh3 Qc5
28. Qe4 Kd6 29. Kf1 Qb5 30. f4 30... exf4 $2 (30... Rh8 31. Qf5 exf4 32. gxf4
$16) 31. gxf4 (31. Re1 $142 31... Rd7 32. gxf4 $18 (32. Bxd7 $6 32... Qxd7 33.
gxf4 Qh3+ 34. Ke2 Qg4+ 35. Ke3 Qg3+ 36. Kd4 36... Qxf4 $18)) 31... Re8 $16 32.
Be6 (32. Qf5 32... Bh4 $16) 32... fxe6 (32... Bh6 33. Qh7 Bxf4 34. Qxf7 $14)
33. dxe6+ $14 33... Kc7 34. fxg5 fxg5 35. e7 Qc5 (35... Qxb2 $4 36. Qe5+ Kb6
37. Rd6+ Ka7 38. Qc5+ b6 39. Qc7+ Ka8 40. Rd8+ Rxd8 41. exd8=Q#) 36. Rd5 (36.
Re1 36... b5 $14) 36... Qxe7 $11 37. Qxe7+ (37. Qxc4+ $143 37... Kb8 38. Rd1
38... Qe3 $19) 37... Rxe7 38. Rxg5 Kc6 39. Kf2 Rh7 40. Rg2 Rh1 41. Ke3 Ra1 42.
a3 Rd1 43. Rg8 Kb5 44. Rb8 b6 45. Rg8 Ka5 46. Rg4 b5 47. Rd4 (47. Rg6 $5 $15
$142) 47... Rb1 $19 48. Rd2 Ka4 49. Rd6 a5 50. Rd2 Kb3 51. Rd5 Rxb2 52. Rxb5+
Kxc3 (52... Kxa3 53. Rxa5+ Kb3 54. Rg5 $19) 53. Rxa5 $17 53... Rb3 (53... Rb8
$17 $142) 54. Ra7 $2 (54. Ke2 $15 $142) 54... Kb2+ $19 55. Kd4 $2 (55. Ke2 c3
56. Rc7 $19) 55... c3 56. Rf7 c2 (56... Kxa3 $6 57. Kd3 Kb2 58. Rc7 $19) 57.
Rf2 Rxa3 58. Kc4 Kb1 59. Rxc2 Kxc2 60. Kd4 Rc3 61. Ke4 Rd3 (61... Rd3 62. Ke5
62... Kc3 $19) 0-1

[Event "Bad Woerishofen op"]
[Site "?"]
[Date "2001.??.??"]
[Round "1"]
[White "Filippov, Valeri"]
[Black "Hoennekes, Klaus"]
[Result "1-0"]
[WhiteElo "2619"]
[BlackElo "2087"]
[Annotator "ChessOrg"]
[PlyCount "69"]
[EventDate "2000.??.??"]

1. Nf3 {A41: Moderne Verteidigung} 1... g6 2. d4 Bg7 3. c4 d6 4. g3 e5 5. Bg2
5... e4 {letzter Buchzug} 6. Ng5 f5 7. h4 Nc6 8. e3 (8. d5 8... Ne5 $11) 8...
Nh6 9. Nc3 O-O 10. f3 exf3 11. Bxf3 Re8 12. O-O Bf6 13. Nh3 Ne7 14. e4 Bg7 15.
Ng5 c6 16. Kg2 fxe4 17. Ngxe4 Nhf5 18. d5 cxd5 19. cxd5 Qb6 20. Qb3 Qd8 21. Ne2
b6 22. Ng5 h6 23. Ne6 Bxe6 24. dxe6 Rc8 25. h5 Kh8 26. hxg6 Nxg6 27. Be4 Rxc1 (
27... Nfe7 28. Rh1 d5 29. Bxh6 $18) 28. Raxc1 (28. Nxc1 Qg5 29. Bxf5 Nh4+ 30.
Kh2 30... Nxf5 $15) (28. Rfxc1 Qg5 29. Re1 Ne3+ 30. Kg1 30... Be5 $14) 28...
Qg5 29. Bxf5 (29. Rxf5 $6 29... Nh4+ 30. Kh2 30... Nxf5 $14) 29... Nh4+ 30. Kg1
Nxf5 31. Qd3 Bd4+ 32. Nxd4 Nxg3 33. Nf3 Qg7 34. Rc2 34... Rg8 $4 (34... Nxf1+
35. Kxf1 35... Rf8 $18) 35. Rg2 (35. Rg2 Qf6 36. Re1 $18) 1-0

[Event "Bad Woerishofen op"]
[Site "Bad Woerishofen"]
[Date "2001.??.??"]
[Round "3"]
[White "Filippov, Valeri"]
[Black "Schramm, Christian"]
[Result "1-0"]
[WhiteElo "2615"]
[BlackElo "2345"]
[Annotator "ChessOrg"]
[PlyCount "101"]
[EventDate "1998.03.05"]
[Source "ChessBase"]
[SourceDate "1998.04.29"]

1. Nf3 {D07: Damengambit (Tschigorin-Verteidigung)} 1... d5 2. d4 Nc6 3. c4 Bg4
4. cxd5 Bxf3 5. gxf3 Qxd5 6. e3 e5 7. Nc3 Bb4 8. Bd2 Bxc3 9. bxc3 9... Nf6 {
letzter Buchzug} 10. Rb1 exd4 11. cxd4 (11. Rxb7 $2 11... dxc3 12. Bxc3 Qxd1+
13. Kxd1 O-O-O+ 14. Kc2 14... Kxb7 $19) 11... O-O 12. Bg2 (12. Rg1 $5 $14)
12... Qxa2 $15 13. O-O (13. Rxb7 $5 13... Rfb8 14. Rxb8+ (14. Rxc7 $4 14... Rb1
$19) 14... Rxb8 15. O-O $11) 13... Rfd8 14. Qc1 Rab8 15. f4 Qe6 16. Qc2 g6 17.
Rb5 Nd5 18. Qb3 (18. f5 gxf5 19. Rfb1 19... b6 $17) 18... Nxf4 $17 19. exf4
Qxb3 20. Rxb3 Nxd4 21. Rb2 c5 (21... b6 22. Ra1 a5 23. Bc3 $11) 22. f5 (22. Ra1
22... b5 $11) 22... c4 (22... gxf5 $143 23. Bf4 $16 (23. Bxb7 Nf3+ 24. Bxf3
24... Rxb2 $17) (23. Rxb7 $4 23... Ne2+ 24. Kh1 24... Rxb7 $19)) (22... Nxf5 $6
23. Bf4 Nd6 24. Rd2 $11) 23. Bg5 Rd7 24. Rc1 Re8 (24... b5 25. fxg6 Nb3 26.
gxh7+ Kxh7 27. Be4+ Kg7 28. Rc3 $11) 25. Be3 $14 (25. Rxc4 $2 25... Re1+ 26.
Bf1 Nf3+ 27. Kg2 27... Nxg5 $19) 25... Nxf5 26. Bxa7 c3 27. Rbb1 (27. Rbc2 $14
$142) 27... Nd4 $4 (27... Rc8 $142 28. Be4 Rc4 29. Bxf5 29... gxf5 $15) 28.
Bxd4 $16 28... Rxd4 29. Rxc3 Re7 (29... b6 30. Rc6 $18 (30. Rxb6 $143 30...
Re1+ 31. Bf1 31... Rdd1 $15)) 30. Bxb7 Kg7 31. Bf3 Rf4 32. Kg2 Ra7 33. Rb5 h6
34. Kg3 Rf6 35. Rc6 Rxc6 36. Bxc6 Ra6 37. Bd5 Rd6 38. f3 Rf6 (38... f5 39. h4
$18) 39. Kf2 Kg8 40. Ke3 Kg7 41. Ke4 g5 42. Ke3 Rf5 43. Bc6 Rf4 44. Rb7 Rh4 45.
Bd5 Rf4 46. h3 Rf5 47. Ke4 Rf4+ 48. Ke5 Rf6 49. Rc7 Rf4 50. Rc4 Rf6 51. h4 (51.
h4 gxh4 52. Rxh4 $18) 1-0

[Event "Bad Woerishofen op"]
[Site "Bad Woerishofen"]
[Date "2001.??.??"]
[Round "5"]
[White "Filippov, Valeri"]
[Black "Aleksandrov, Alexei"]
[Result "1/2-1/2"]
[WhiteElo "2619"]
[BlackElo "2610"]
[Annotator "ChessOrg"]
[PlyCount "26"]
[EventDate "1998.03.05"]
[Source "ChessBase"]
[SourceDate "1998.04.29"]

1. d4 {D38: Damengambit (Ragosin-Verteidigung)} 1... Nf6 2. Nf3 e6 3. c4 d5 4.
Nc3 Bb4 5. cxd5 exd5 6. Bg5 h6 7. Bh4 c5 8. Rc1 8... c4 {letzter Buchzug} 9. e3
O-O 10. Be2 Bf5 11. O-O Bxc3 12. bxc3 (12. Rxc3 g5 13. Bg3 13... Ne4 $11) 12...
Nbd7 13. Nd2 Re8 1/2-1/2

[Event "Bad Woerishofen op"]
[Site "Bad Woerishofen"]
[Date "2001.??.??"]
[Round "7"]
[White "Filippov, Valeri"]
[Black "Roeder, Matthias"]
[Result "1/2-1/2"]
[WhiteElo "2619"]
[BlackElo "2456"]
[Annotator "ChessOrg"]
[PlyCount "85"]
[EventDate "1998.03.05"]
[Source "ChessBase"]
[SourceDate "1998.04.29"]

1. d4 {E62: Koenigsindisch} 1... Nf6 2. c4 g6 3. g3 Bg7 4. Bg2 O-O 5. Nf3 d6 6.
Nc3 c6 7. O-O Qa5 8. e4 Bg4 9. Qb3 9... Nbd7 {letzter Buchzug} 10. Be3 Qh5 11.
Nd2 Bh3 12. f3 (12. Qxb7 12... c5 $14) 12... e5 (12... Bxg2 13. Kxg2 Rfb8 14.
Rad1 $11) 13. d5 (13. dxe5 dxe5 14. Qxb7 Bh6 15. Bxh6 Qxh6 16. Bxh3 Rab8 17.
Qxa7 17... Rxb2 $16) 13... Bh6 14. Bxh6 Qxh6 15. Bxh3 Qxh3 16. Qxb7 16... Qh6
$2 (16... cxd5 17. cxd5 Rab8 18. Qxa7 18... Rxb2 $16) 17. Nb3 (17. dxc6 Rfb8
18. Qc7 18... Rxb2 $11) 17... cxd5 18. Nxd5 a5 19. Nxf6+ Nxf6 20. Qe7 Qe3+ 21.
Kh1 a4 22. Rae1 (22. Qxd6 $6 22... Nxe4 23. fxe4 Qxe4+ 24. Kg1 Qe3+ 25. Kg2
Qe2+ 26. Rf2 Qe4+ 27. Kg1 27... axb3 $11) 22... Qg5 23. f4 exf4 24. gxf4 Qh4
25. Nd2 Rfe8 26. Qc7 Rab8 27. b3 axb3 28. axb3 Ra8 29. Qb6 Ra2 30. Qf2 (30.
Qxd6 $143 30... Nxe4 31. Rxe4 31... Rxe4 $17) 30... Qh3 31. Re3 Qh5 32. Qg2 Kg7
33. Rfe1 Nxe4 34. Rxe4 (34. Qxe4 Rxe4) 34... Rxe4 35. Rxe4 Qd1+ 36. Qg1 Qxd2
37. Qd4+ Qxd4 38. Rxd4 Rb2 39. Rxd6 Rxb3 40. Kg2 Rc3 41. Rc6 Kh6 42. f5 (42.
Rc5 f5 43. Rc7 43... Kh5 $11) 42... Kg5 $15 43. Rc7 1/2-1/2

[Event "Bad Woerishofen op"]
[Site "Bad Woerishofen"]
[Date "2001.??.??"]
[Round "9"]
[White "Filippov, Valeri"]
[Black "Kuprejchik, Viktor"]
[Result "1-0"]
[WhiteElo "2619"]
[BlackElo "2453"]
[Annotator "ChessOrg"]
[PlyCount "67"]
[EventDate "1998.03.05"]
[Source "ChessBase"]
[SourceDate "1998.04.29"]

1. d4 {D19: Damengambit (Slawische Verteidigung, Hauptvariante)} 1... d5 2. Nf3
Nf6 3. c4 c6 4. Nc3 dxc4 5. a4 Bf5 6. e3 e6 7. Bxc4 Bb4 8. O-O Nbd7 9. Qe2 Bg6
10. e4 O-O 11. Bd3 11... Rc8 {letzter Buchzug} 12. Bf4 Qa5 13. Na2 Be7 14. b4
Qd8 (14... Bxb4 $143 15. Nxb4 Qxb4 16. Rfb1 $16) 15. Rab1 a5 (15... Nh5 $5 $142
16. Be3 16... Qc7 $11) 16. bxa5 $16 16... c5 17. Rxb7 (17. Be5 cxd4 18. Bxd4
Nc5 19. Bxc5 Bxc5 20. Rxb7 20... Qxa5 $14) 17... cxd4 18. a6 (18. Nxd4 $143
18... e5 19. a6 19... exf4 $17) 18... Nc5 19. Rd1 Nfxe4 (19... Nxb7 $2 20. axb7
Rb8 21. Bxb8 Qxb8 22. Rb1 $18) (19... Nxd3 20. Rxd3 Bxe4 21. Rd2 $15 (21. Nxd4
$2 21... Bxd3 22. Qxd3 22... Bc5 $19)) 20. Ne5 (20. Bxe4 Bxe4 21. Rxd4 Bxf3 22.
Rxd8 Bxe2 23. Rxc8 Rxc8 24. Rxe7 24... Bxa6 $14) 20... Nxd3 (20... Bd6 21. Bb1
Qf6 22. Nxg6 fxg6 23. Bxd6 23... Nxd6 $11) 21. Qxd3 (21. Nxd3 $142 21... Nc5
22. Nab4 $11) 21... Nxf2 $1 $17 22. Nxg6 (22. Kxf2 Bxd3) 22... Nxd3 (22... fxg6
23. Kxf2 Rxf4+ 24. Kg1 $17) 23. Nxe7+ Qxe7 24. Rxe7 Nxf4 25. Nb4 Rfd8 26. a7 g5
(26... Ne2+ $5 27. Kf1 27... Nc3 $15) 27. Rb7 $11 27... d3 (27... e5 $5 $11
$142) 28. g3 $16 28... d2 29. Kf2 (29. gxf4 Rc1 30. Rd7 Rxd1+ 31. Kf2 Rxd7 32.
a8=Q+ 32... Kg7 $19) 29... Nh3+ 30. Ke2 30... Kg7 $2 (30... f5 $5 $16 $142) 31.
Rxd2 Ng1+ 32. Ke3 Rf8 (32... Rg8 33. Na6 Ra8 34. Nc7 $18) 33. Na6 Rc6 (33...
Ra8 $18) 34. Nb8 (34. Nb8 Rc3+ 35. Rd3 $18) 1-0

[Event "Bad Woerishofen op"]
[Site "Bad Woerishofen"]
[Date "2001.??.??"]
[Round "2"]
[White "Fleck, Ronald"]
[Black "Bartels, Holger"]
[Result "1/2-1/2"]
[WhiteElo "1784"]
[BlackElo "2176"]
[Annotator "ChessOrg"]
[PlyCount "51"]
[EventDate "1998.03.05"]
[Source "ChessBase"]
[SourceDate "1998.04.29"]

1. e4 {B21: Sizilianisch} 1... c5 2. d4 cxd4 3. c3 d3 4. c4 4... d6 {
letzter Buchzug} 5. Bxd3 Nf6 6. Nc3 g6 7. Nf3 Bg7 8. O-O O-O 9. h3 Nbd7 10. Qe2
Nc5 11. Bc2 a6 12. Rd1 Qc7 13. Rb1 b6 14. Bg5 Bb7 15. Bxf6 Bxf6 16. Nd5 Bxd5
17. exd5 a5 18. b3 Rae8 19. Qd2 e5 20. dxe6 Rxe6 21. Nd4 (21. Re1 21... Rfe8
$14) 21... Bxd4 $11 22. Qxd4 Rfe8 23. Bd3 Qe7 24. Bf1 Qg5 25. b4 axb4 26. Rxb4
1/2-1/2

[Event "Bad Woerishofen op"]
[Site "Bad Woerishofen"]
[Date "2001.??.??"]
[Round "4"]
[White "Fleck, Ronald"]
[Black "Mantzouneas, Nikolaos"]
[Result "1-0"]
[WhiteElo "1784"]
[BlackElo "2033"]
[Annotator "ChessOrg"]
[PlyCount "97"]
[EventDate "1998.03.05"]
[Source "ChessBase"]
[SourceDate "1998.04.29"]

1. e4 {B21: Sizilianisch} 1... c5 2. d4 cxd4 3. c3 d3 4. c4 4... d6 {
letzter Buchzug} 5. Bxd3 Nf6 6. Nc3 e6 7. Nf3 Nc6 8. O-O Be7 9. Qe2 O-O 10. Rd1
10... a6 $2 (10... Qa5 $14 $142) 11. e5 $18 11... Ne8 12. exd6 Bf6 13. Ne4 Bd7
14. Nxf6+ Nxf6 15. Bg5 Qa5 16. Bxf6 gxf6 17. Qe4 f5 18. Qh4 f6 19. a3 Ne5 20.
Nxe5 (20. Qg3+ $5 20... Kh8 21. b4 Nxf3+ 22. Qxf3 Qe5 23. Qxb7 23... Ba4 $18)
20... Qxe5 21. b4 (21. b3 21... Rac8 $18) 21... Rf7 $2 (21... Ba4 $5 $142 22.
c5 Bxd1 23. Rxd1 23... a5 $16) 22. c5 Rg7 23. Bf1 Rg4 24. Qh3 Kh8 (24... a5 25.
Re1 Re4 26. Rxe4 Qxa1 27. Rc4 $18) 25. Re1 Qd5 26. Rad1 Qc6 27. Qd3 e5 28. g3
a5 29. Bg2 e4 30. Qc3 Rg6 31. bxa5 Qa4 32. Qb4 Rxa5 33. Qxb7 (33. Qxa4 $5 33...
Rxa4 (33... Bxa4 $4 34. d7 Bxd7 35. Rxd7 $18) 34. Re3 34... Rg7 $18) 33... Rxc5
34. Qb4 Qc6 35. a4 Rg8 36. Bf1 Rc2 37. Bb5 Qb7 (37... Qc8 38. Qb3 Be6 39. Qe3
$18) 38. Qd4 (38. Qb3 $5 $142 38... Rgc8 39. Qf7 39... Qb6 $18) 38... Kg7 39.
Bxd7 (39. Rb1 39... Qc8 $18) 39... Qxd7 40. Qb6 (40. Rc1 Rgc8 41. Rxc2 41...
Rxc2 $18) 40... Rd8 41. a5 Rc6 42. Qb5 Ra8 (42... Qc8 43. Qb4 $16) 43. Re2 (43.
g4 fxg4 44. Rxe4 44... Rd8 $18) 43... Raa6 (43... Ra7 44. Red2 $18) 44. Rc2 $1
44... f4 $4 45. Rxc6 Rxc6 46. a6 (46. Qxc6 $142 46... Qxc6 47. d7 $18) 46... f3
(46... Qg4 47. Qb7+ (47. Qxc6 $6 47... Qxd1+ 48. Kg2 Qf3+ 49. Kf1 Qd1+ 50. Kg2
Qf3+ 51. Kf1 Qd1+ 52. Kg2 $11) 47... Kh6 48. Rf1 $18) 47. a7 $1 47... Qh3 48.
Qf1 Qc8 (48... Qxf1+ 49. Kxf1 49... Rc8 $18) 49. d7 (49. d7 Qd8 50. a8=Q Qxa8
51. d8=Q Qxd8 52. Rxd8 $18) 1-0

[Event "Bad Woerishofen op"]
[Site "Bad Woerishofen"]
[Date "2001.??.??"]
[Round "6"]
[White "Fleck, Ronald"]
[Black "Kleinhenz, Hans-Georg"]
[Result "1/2-1/2"]
[WhiteElo "1784"]
[BlackElo "2038"]
[Annotator "ChessOrg"]
[PlyCount "115"]
[EventDate "1998.03.05"]
[Source "ChessBase"]
[SourceDate "1998.04.29"]

1. e4 {C11: Franzoesische Verteidigung} 1... e6 2. d4 d5 3. Nc3 Nf6 4. e5 Nfd7
5. f4 c5 6. Nf3 Nc6 7. Be3 Qb6 8. dxc5 {letzter Buchzug} 8... Bxc5 9. Bxc5 Nxc5
10. Bd3 (10. Bb5 Bd7 11. Bxc6 11... Bxc6 $15) 10... Nxd3+ (10... Qxb2 $5 11.
Ne2 f6 12. exf6 12... gxf6 $17) 11. Qxd3 $15 11... Bd7 12. O-O-O O-O-O (12...
Rc8 13. h3 $15) 13. Nb5 Nb4 14. Nd6+ (14. Qc3+ $5 14... Bc6 15. Qxb4 Qxb5 16.
Qa3 $14) 14... Qxd6 $15 15. exd6 Nxd3+ 16. Rxd3 Bc6 (16... Be8 17. Nd4 $15) 17.
Ne5 $11 17... Rhf8 (17... Rxd6 $2 18. Nxf7 Rdd8 19. Nxh8 Rxh8 20. Re1 $18) 18.
Rhd1 (18. Rg3 18... g6 $15 (18... Rxd6 $143 19. Rxg7 f6 20. Nxc6 Rxc6 21. Rxh7
$16)) 18... Rxd6 19. Rc3 f6 20. Nc4 Rd7 21. Na5 Kc7 22. b4 a6 23. a4 Kd6 24.
Nc4+ Ke7 25. Nb6 Rd6 26. Re1 Bd7 27. a5 Bc6 28. Rc5 Kf7 29. g3 Rfd8 30. Kd2 h6
31. Kd3 g5 32. Kd4 gxf4 33. gxf4 Rg8 34. Re2 (34. h3 $5 $17) 34... Rg4 $19 35.
Rf2 Rg1 (35... e5+ 36. Kd3 exf4 37. Nc8 $19) 36. Kc3 (36. Rc3 $5 $17) 36... Rd8
$19 37. Kd2 Rb1 38. c3 Rg8 39. f5 Rb2+ 40. Ke3 Rxf2 41. Kxf2 Rg4 (41... Rg5 42.
fxe6+ Kxe6 43. Nc8 $17) 42. Nc8 (42. b5 $5 $142 42... Bxb5 43. Rc7+ Ke8 44.
fxe6 $15) 42... exf5 $17 43. Na7 Rc4 44. Nxc6 $2 (44. Rxc4 dxc4 45. Nxc6 45...
bxc6 $15) 44... bxc6 (44... Rxc5 $5 $142 45. bxc5 45... bxc6 $19) 45. Rxc4 $17
45... dxc4 46. Ke3 Ke6 47. Kf4 Kd5 (47... Kd6 48. Kxf5 c5 49. bxc5+ Kxc5 50. h4
$17) 48. Kxf5 c5 49. bxc5 Kxc5 50. Kxf6 Kb5 51. Kg6 Kxa5 52. Kxh6 Kb5 (52...
Ka4 53. h4 Kb3 54. h5 Kxc3 55. Kg6 $17) 53. Kg6 a5 54. h4 a4 55. h5 a3 56. h6
a2 57. h7 a1=Q 58. h8=Q 1/2-1/2

[Event "Bad Woerishofen op"]
[Site "Bad Woerishofen"]
[Date "2001.??.??"]
[Round "8"]
[White "Fleck, Ronald"]
[Black "Ries, Berthold"]
[Result "0-1"]
[WhiteElo "1784"]
[BlackElo "2014"]
[Annotator "ChessOrg"]
[PlyCount "42"]
[EventDate "1998.03.05"]
[Source "ChessBase"]
[SourceDate "1998.04.29"]

1. e4 {B21: Sizilianisch} 1... c5 2. d4 cxd4 3. c3 dxc3 4. Nxc3 d6 5. Bc4 e6 6.
Nf3 Nf6 7. Qe2 Be7 8. O-O O-O 9. Rd1 9... Ne8 {letzter Buchzug} 10. Bf4 Bd7 11.
Rac1 a6 12. Bb3 Nc6 13. e5 d5 14. Bc2 g6 15. Bh6 Ng7 16. Qd2 f5 17. Nxd5 $2 (
17. Bb3 $11 $142) 17... exd5 $19 18. Qxd5+ (18. Bxg7 $5 18... Kxg7 19. Qxd5 $19
) 18... Be6 19. Qxe6+ (19. Qd2 $19) 19... Nxe6 20. Rxd8 Rfxd8 (20... Raxd8 $6
21. Bb3 Kf7 22. Bxf8 Rxf8 23. Rxc6 bxc6 24. Nd4 $17) 21. Bb3 Kf7 (21... Kf7 22.
h3 22... Na5 $19) 0-1

[Event "Bad Woerishofen op"]
[Site "?"]
[Date "2001.??.??"]
[Round "1"]
[White "Foehl, Frithjof"]
[Black "Ballon, Guenter Jan"]
[Result "0-1"]
[WhiteElo "1840"]
[BlackElo "2233"]
[Annotator "ChessOrg"]
[PlyCount "74"]
[EventDate "2000.??.??"]

1. e4 {B40: Sizilianisch (Klassisches System mit e7-e6))} 1... c5 2. Nf3 e6 3.
Nc3 Nc6 4. a3 d6 5. d4 cxd4 6. Nxd4 Nf6 7. Be2 Be7 8. Be3 O-O 9. O-O 9... Bd7 {
letzter Buchzug} 10. Nb3 Qc7 11. Bf4 a6 12. Qd3 Rfd8 13. Rfd1 Ne5 14. Qg3 Bc6
15. Rd4 Ng6 16. Bg5 h6 17. Bxf6 (17. Be3 e5 18. Rb4 18... b5 $15) 17... Bxf6 (
17... gxf6 $143 18. Rdd1 $14) 18. Rd3 (18. Rdd1 $5 $15) 18... Be5 $17 19. Qg4
Nf4 20. Re3 d5 21. exd5 Nxd5 22. Nxd5 Bxd5 23. Bd3 (23. c4 $5 23... Bc6 24. Rh3
$17) 23... Bxh2+ 24. Kh1 Be5 25. Rae1 (25. c4 $142 25... Bc6 26. Qe2 $19) 25...
Bxb2 26. Rh3 (26. a4 26... b5 $19) 26... Kh8 (26... Bxa3 27. Rxh6 Bxb3 28. Rh7
$19) 27. Qg5 (27. a4 27... b5 $19) 27... Bxb3 (27... Bxa3 $6 28. Rxh6+ Kg8 29.
Rh7 $17) 28. Rxh6+ Kg8 (28... gxh6 29. Qxh6+) 29. Bh7+ Kf8 30. Rh3 Bf6 (30...
Bxc2 $6 31. Bxc2 Bf6 32. Qf5 $19) 31. Qg4 Bd5 (31... Bxc2 $6 32. Bxc2 Rd4 33.
Re4 $19) 32. Bd3 Rac8 33. f4 (33. Qb4+ Qc5 34. Qxc5+ Rxc5 35. Rh8+ Ke7 36. Rxd8
36... Kxd8 $19) 33... Qc3 34. Re2 Qd4 35. Qg3 (35. Re1 35... Rc3 $19) 35... Rc3
36. f5 e5 37. Qe1 (37. a4 37... Ra3 $19) 37... Rxa3 (37... Rxa3 38. Qg1 38...
Ra1 $19) 0-1

[Event "Bad Woerishofen op"]
[Site "Bad Woerishofen"]
[Date "2001.??.??"]
[Round "3"]
[White "Foehl, Frithjof"]
[Black "Haering, Walter-Georg"]
[Result "1-0"]
[WhiteElo "1840"]
[BlackElo "1500"]
[Annotator "ChessOrg"]
[PlyCount "79"]
[EventDate "1998.03.05"]
[Source "ChessBase"]
[SourceDate "1998.04.29"]

1. e4 {C50: Italienische Partie} 1... e5 2. Nf3 Nc6 3. Bc4 Bc5 4. d3 Nf6 5. Bg5
5... O-O {letzter Buchzug} 6. a3 d6 7. Nc3 Be6 8. Bd5 Rb8 (8... h6 9. Bh4 $11)
9. h3 Re8 10. Bh4 Nd4 (10... Bd4 11. O-O $11) 11. Bxe6 $14 11... fxe6 12. Na4
Nxf3+ 13. Qxf3 Rf8 14. Nxc5 dxc5 15. Qg3 Qd6 16. Qf3 (16. O-O Nh5 17. Qg4 17...
Nf4 $14) 16... Nd5 (16... Nxe4 $5 17. Qe2 17... Nf6 $14) 17. Qg4 $14 17... Nf4
18. O-O Rf7 19. Rab1 a5 20. Qd1 c6 21. Qe1 b6 22. Kh2 Ng6 23. Bg3 Nf4 24. b4 (
24. f3 $5 $14) 24... cxb4 $11 25. axb4 a4 26. b5 c5 27. Ra1 Ra8 28. Ra3 Qd4 29.
Qa1 h6 (29... Qxa1 $5 $142 30. Rfxa1 30... Rfa7 $14) 30. Qa2 $16 30... Ne2 31.
Qxe6 Nxg3 (31... Qb4 $5 $142 32. Rfa1 32... Nxg3 $16) 32. fxg3 $18 (32. Kxg3 $6
32... Qb4 33. Rfa1 33... Qd2 $16) 32... Raa7 $4 (32... Qd7 33. Qc4 33... Qe7
$18) 33. Qe8+ Kh7 34. Rxf7 Rxf7 35. Qxf7 Qb2 (35... Qb4 36. Qf5+ Kh8 37. Ra1
$18) 36. Qa2 (36. Qf5+ Kg8 37. Rxa4 Qa2 38. Rxa2 g5 39. Ra7 h5 40. Qc8#) 36...
Qxb5 $18 37. Rxa4 Qc6 38. Ra8 Kg6 (38... c4 $18) 39. Qg8 Qd7 40. Rd8 (40. Rd8
Qe7 41. Re8 $18) 1-0